| 000 | 00940nam a22002537a 4500 | ||
|---|---|---|---|
| 005 | 20170124102929.0 | ||
| 010 | _aB-133989 | ||
| 020 |
_c150.00 _a8187818794 |
||
| 035 | _aB-133989 | ||
| 037 | _bCen Lib/Ret | ||
| 040 |
_aDPL _bHN |
||
| 082 |
_a070.1 _bगोठीऋ |
||
| 100 |
_aगोठी, ऋतु _944555 |
||
| 245 |
_aमीडिया शोध / _cऋतु गोठी |
||
| 246 |
_aMedia shodh / _bby Ritu Gothi |
||
| 260 |
_bलक्ष्य पब्लिकेशन्स _aनई दिल्ली _c2004 |
||
| 270 |
_a4264/3, अंसारी रोड, दरियागंज _bनई दिल्ली _e110002 |
||
| 300 |
_a130पृ. _c20सेमी (सजिल्द) |
||
| 650 |
_aसामाजिक शोध _942948 |
||
| 650 |
_aशोध _944556 |
||
| 650 |
_aSocial Research _944557 |
||
| 650 |
_aResearch _944558 |
||
| 942 |
_2ddc _cHN _h070.1 _mगोठीऋ |
||
| 999 |
_c111799 _d111799 |
||